000 00428nam a2200181Ia 4500
001 3366
005 20260306145638.0
008 260306t1998||||xx |||||||||||||| ||spa||
041 _aESP
082 _a270.1
_bJ14
100 _aJaeger, Werner
_eAUT
245 0 _aCristianismo primitivo y paideia griega
260 _c1998
300 _a147 páginas :
_c17 cm.
650 _aGEN
654 _aCHU
942 _cLIB
_dJUS
_fJUS
_2ddc
_n
999 _c3366
_d3366